00911nam a2200217 a 450000100100000000500170001000800410002704000250006808200190009311000830011224500820019526000450027730000190032265000380034165100670037965100670044691000370051304900090055095201170055999900170067600001612820200929164302.0100226s1912 dr 000 0 spa d aDO-SdBNPbspacBNPHU a341.522bR426t1 aRepública Dominicana.bSecretaría de Estado de Relaciones Exteriores9225610aTratado de arbitraje :bcelebrado entre la República Dominicana y España. aSanto Domingo :bImprenta Listin,c1912. a8 p. ;c22 cm. 4aArbitramento internacional936121 4aRepública DominicanaxRelaciones ExterioreszEspaña916011 4aEspañaxRelaciones ExterioreszRepública Dominicana916012 aValidado. Control de calidad EMS aBNPD 001050718RVaPDbPDcHDd2010-02-26iLF1l0o341.522 R426tp16128-10r2020-06-25w2020-06-25y1ZNo se presta c15668d15668